CSI Communications (Record no. 10126)

MARC details
000 -LEADER
fixed length control field 00452nam a22001217a 4500
003 - CONTROL NUMBER IDENTIFIER
control field OSt
008 - FIXED-LENGTH DATA ELEMENTS--GENERAL INFORMATION
fixed length control field 201218b ||||| |||| 00| 0 eng d
245 ## - TITLE STATEMENT
Title CSI Communications
250 ## - EDITION STATEMENT
Edition statement 2009(Sep Vol.33 No.6, Sep Vol.33 No.6, Sep Vol.33 No.6, Oct Vol.33 No.7, Oct Vol.33 No.7, Nov Vol.33 No.8, Nov Vol.33 No.8, Dec Vol.33 No.9, Dec Vol.33 No.9)
260 ## - PUBLICATION, DISTRIBUTION, ETC. (IMPRINT)
Place of publication, distribution, etc Mumbai
Name of publisher, distributor, etc Computer Society of India
650 ## - SUBJECT ADDED ENTRY--TOPICAL TERM
Topical term or geographic name as entry element Computer Science Engineering
942 ## - ADDED ENTRY ELEMENTS (KOHA)
Source of classification or shelving scheme Dewey Decimal Classification
Koha item type BOUND VOLUME
Holdings
Withdrawn status Lost status Source of classification or shelving scheme Materials specified (bound volume or other part) Damaged status Not for loan Collection code Home library Current library Date acquired Source of acquisition Serial Enumeration / chronologySerial Enumeration / Volume No. Total Checkouts Acc. no. / Barcode Date last seen Bill Date Koha item type
    Dewey Decimal Classification Bound Volume   Not For Loan B.Tech(CSE) PIET C-LIBRARY PIET C-LIBRARY 21/12/2020 Computer Society of India 2009(Sep Vol.33 No.6, Sep Vol.33 No.6, Sep Vol.33 No.6, Oct Vol.33 No.7, Oct Vol.33 No.7, Nov Vol.33 No.8, Nov Vol.33 No.8, Dec Vol.33 No.9, Dec Vol.33 No.9)   BV867 21/12/2020 09/01/2009 BOUND VOLUME

Design & Developed by: PIET Central Library
R70 Miles Stone Pattikalyana Samalkha Panipat 132102
mail ID :- [email protected], Phone No:- 0180-2569700 Ex.216